Pokemon TCG Sets - Statistics

General Stats
  • This quiz has been taken 263 times
  • The average score is 49 of 120
Answer Stats
Era Set Number Answer % Correct
Original Series 1 Base Set
87%
Original Series 2 Jungle
83%
Original Series 3 Fossil
82%
Sun & Moon Series 1 Sun & Moon
79%
Sword & Shield Series 1 Sword & Shield—
79%
XY Series 1 XY
79%
Scarlet & Violet Series 1 Scarlet & Violet
78%
Original Series 5 Team Rocket
72%
Original Series 4 Base Set 2
71%
Scarlet & Violet Series 8.5 Scarlet & Violet—Prismatic Evolutions
71%
Scarlet & Violet Series 3.5 Scarlet & Violet—151
70%
Black & White Series 1 Black & White
68%
Scarlet & Violet Series 9 Scarlet & Violet—Journey Together
68%
Scarlet & Violet Series 4.5 Scarlet & Violet—Paldean Fates
66%
Diamond & Pearl Series 1 Diamond & Pearl
65%
Sword & Shield Series 7 Sword & Shield—Evolving Skies
65%
Scarlet & Violet Series 8 Scarlet & Violet—Surging Sparks
63%
Sun & Moon Series 9 Sun & Moon—Team Up
63%
Sword & Shield Series 12.5 Crown Zenith
61%
Scarlet & Violet Series 2 Scarlet & Violet—Paldea Evolved
61%
Scarlet & Violet Series 3 Scarlet & Violet—Obsidian Flames
60%
Platinum Series 1 Platinum
58%
Sword & Shield Series 4.5 Shining Fates
58%
HeartGold & SoulSilver Series 1 HeartGold & SoulSilver
57%
Scarlet & Violet Series 6 Scarlet & Violet—Twilight Masquerade
57%
XY Series 12 XY—Evolutions
57%
Neo Series 1 Neo Genesis
56%
Scarlet & Violet Series 5 Scarlet & Violet—Temporal Forces
55%
XY Series 11 XY—Steam Siege
54%
Sword & Shield Series 12 Sword & Shield—Silver Tempest
52%
Sword & Shield Series 8 Sword & Shield—Fusion Strike
51%
Legendary Collection Series 1 Legendary Collection
50%
Scarlet & Violet Series 6.5 Scarlet & Violet—Shrouded Fable
50%
Scarlet & Violet Series 7 Scarlet & Violet—Stellar Crown
50%
Sun & Moon Series 11.5 Hidden Fates
49%
Scarlet & Violet Series 4 Scarlet & Violet—Paradox Rift
49%
Original Series 6 Gym Heroes
48%
Sword & Shield Series 11 Sword & Shield—Lost Origin
48%
Sword & Shield Series 4 Sword & Shield—Vivid Voltage
48%
Sword & Shield Series 7.5 Celebrations
47%
Sword & Shield Series 6 Sword & Shield—Chilling Reign
47%
Sword & Shield Series 3 Sword & Shield—Darkness Ablaze
47%
EX Series 3 EX Dragon
46%
Sword & Shield Series 10 Sword & Shield—Astral Radiance
46%
XY Series 9.5 Generations
45%
Sword & Shield Series 5 Sword & Shield—Battle Styles
45%
Original Series 7 Gym Challenge
44%
Sword & Shield Series 9 Sword & Shield—Brilliant Stars
44%
Neo Series 4 Neo Destiny
43%
Sun & Moon Series 3 Sun & Moon—Burning Shadows
43%
Sword & Shield Series 10.5 Pokemon GO
42%
XY Series 6 XY—Roaring Skies
41%
e-Card Series 2 Aquapolis
40%
Neo Series 2 Neo Discovery
40%
Neo Series 3 Neo Revelation
40%
e-Card Series 3 Skyridge
40%
Sun & Moon Series 12 Sun & Moon—Cosmic Eclipse
40%
Sword & Shield Series 2 Sword & Shield—Rebel Clash
40%
Call of Legends Series 1 Call of Legends
39%
XY Series 2 XY—Flashfire
39%
XY Series 9 XY—BREAKpoint
38%
XY Series 8 XY—BREAKthrough
38%
XY Series 4 XY—Phantom Forces
37%
Black & White Series 11 Black & White—Legendary Treasures
35%
EX Series 8 EX Deoxys
34%
Sun & Moon Series 11 Sun & Moon—Unified Minds
34%
XY Series 3 XY—Furious Fists
34%
EX Series 1 EX Ruby & Sapphire
33%
Platinum Series 4 Platinum—Arceus
33%
Sun & Moon Series 10 Sun & Moon—Unbroken Bonds
33%
XY Series 5 XY—Primal Clash
33%
Black & White Series 10 Black & White—Plasma Blast
32%
Black & White Series 8 Black & White—Plasma Storm
32%
EX Series 9 EX Emerald
32%
Sun & Moon Series 4 Sun & Moon—Crimson Invasion
32%
e-Card Series 1 Expedition Base Set
31%
Sword & Shield Series 3.5 Champion's Path
30%
EX Series 6 EX FireRed & LeafGreen
30%
Sun & Moon Series 3.5 Shining Legends
30%
XY Series 10 XY—Fates Collide
30%
Black & White Series 9 Black & White—Plasma Freeze
29%
EX Series 2 EX Sandstorm
29%
Sun & Moon Series 8 Sun & Moon—Lost Thunder
29%
Sun & Moon Series 9.5 Detective Pikachu
28%
XY Series 5.5 Double Crisis
28%
EX Series 13 EX Holon Phantoms
28%
EX Series 7 EX Team Rocket Returns
28%
Sun & Moon Series 7 Sun & Moon—Celestial Storm
28%
XY Series 7 XY—Ancient Origins
28%
Black & White Series 6 Black & White—Dragons Exalted
27%
EX Series 11 EX Delta Species
26%
EX Series 12 EX Legend Maker
26%
HeartGold & SoulSilver Series 3 HS—Undaunted
26%
Sun & Moon Series 2 Sun & Moon—Guardians Rising
26%
Sun & Moon Series 5 Sun & Moon—Ultra Prism
26%
Black & White Series 6.5 Dragon Vault
25%
Diamond & Pearl Series 7 Diamond & Pearl—Stormfront
24%
Sun & Moon Series 7.5 Dragon Majesty
24%
Black & White Series 7 Black & White—Boundaries Crossed
23%
Black & White Series 2 Black & White—Emerging Powers
23%
Black & White Series 4 Black & White—Next Destinies
23%
EX Series 14 EX Crystal Guardians
23%
HeartGold & SoulSilver Series 2 HS—Unleashed
23%
Platinum Series 3 Platinum—Supreme Victors
23%
Sun & Moon Series 6 Sun & Moon—Forbidden Light
23%
EX Series 4 EX Team Magma vs Team Aqua
22%
HeartGold & SoulSilver Series 4 HS—Triumphant
22%
Black & White Series 5 Black & White—Dark Explorers
21%
Diamond & Pearl Series 6 Diamond & Pearl—Legends Awakened
20%
Diamond & Pearl Series 3 Diamond & Pearl—Secret Wonders
20%
Platinum Series 2 Platinum—Rising Rivals
20%
Diamond & Pearl Series 5 Diamond & Pearl—Majestic Dawn
19%
EX Series 5 EX Hidden Legends
19%
EX Series 16 EX Power Keepers
19%
Black & White Series 3 Black & White—Noble Victories
18%
Diamond & Pearl Series 2 Diamond & Pearl—Mysterious Treasures
18%
EX Series 15 EX Dragon Frontiers
18%
EX Series 10 EX Unseen Forces
18%
Diamond & Pearl Series 4 Diamond & Pearl—Great Encounters
16%
XY Series 0 XY—Kalos Starter Set
15%
No matching quizzes found
Score Distribution
Percent of People with Each Score
Percentile by Number Answered
Your Score History
You have not taken this quiz